| 000 | 00792 a2200193 4500 | ||
|---|---|---|---|
| 003 | NUST | ||
| 005 | 20251125174311.0 | ||
| 040 | _cNust | ||
| 082 | _a621.382,BAI | ||
| 100 |
_aBaig, Muhammad Ijlal (TCC-21) _9132108 |
||
| 245 |
_aThrough the Wall Imaging Radar / _cMuhammad Ijlal Baig, Hafiz Ahmed Arif and Muhammad Zaeem Aslam Bajwa, |
||
| 260 |
_aRawalpindi _bMCS (NUST) _c2013 |
||
| 300 | _axi,59 p.; | ||
| 505 | _aIntroduction (Page-1), Antenna Selection and Development (Page-6), Power Divider Selection and Development (Page-25), Antenna Steering Module (Page-32), Field Results (Page-38), integrated Setup (Page-44), Bibliography (Page-57). | ||
| 650 |
_aUG Project _9131132 |
||
| 651 |
_aTCC-21 _9132109 |
||
| 700 |
_aSupervised by Dr. Naveed Iqbal Rao _9132110 |
||
| 942 |
_cPR _2ddc |
||
| 999 |
_c210853 _d210853 |
||